000 00387nam a2200121Ia 4500
008 220216s9999 xx 000 0 und d
100 _aSchneider P
245 0 _aChemical reactions of antioxidants used in vulcanised rubber
260 _bProceedings of the 3rd Rubber Technology Conference, London, 1954; p309-316
650 _aAntioxidants
650 _aVulcanised rubber
942 _cJS
999 _c55509
_d55509